Technické prostředky automatického řízení /

Salvato in:
Dettagli Bibliografici
Autore principale: Navrátil, Zdeněk (Autore)
Natura: Libro
Lingua:ceco
Pubblicazione: Brno : Vysoké učení technické v Brně, 1989
Edizione:1.vyd.
Soggetti:
Tags: Aggiungi Tag
Nessun Tag, puoi essere il primo ad aggiungerne!!

MARC

LEADER 00000nam a22000003a 4500
001 stu38320
005 20150617225723.4
008 921013s1989----cs------------------cze-d
040 |a STU  |b slo 
041 0 |a cze 
044 |a cs 
080 |a 681.5(075.8) 
100 1 |a Navrátil, Zdeněk  |4 aut 
245 1 |a Technické prostředky automatického řízení /  |c [aut.]Zdeněk Navrátil 
250 |a 1.vyd. 
260 |a Brno :  |b Vysoké učení technické v Brně,  |c 1989 
300 |a 179 s 
650 7 |a riadenie automatické  |2 stusub 
650 7 |a prostriedky technické  |2 stusub 
650 7 |a ASR  |2 stusub 
996 |b 284M008626  |c M*S-675-1  |l MMKN  |s A  |a 24  |w stu38320_0001